[Event "POL-chT Academic"]
[Site "Katowice"]
[Date "2018.02.03"]
[Round "1.18"]
[White "Byrka, Joanna"]
[Black "Skiba, Marta"]
[Result "1/2-1/2"]
[WhiteElo "1948"]
[BlackElo "1705"]
[PlyCount "56"]
[EventDate "2018.02.03"]
[EventType "team-swiss (rapid)"]
[EventRounds "9"]
[EventCountry "POL"]
[SourceTitle "CBM 182 Extra"]
[Source "ChessBase"]
[SourceDate "2018.02.23"]
[SourceVersion "1"]
[SourceVersionDate "2018.02.23"]
[SourceQuality "1"]
[WhiteTeam "Lodz UMe"]
[BlackTeam "Wroclaw PWr"]
[WhiteTeamCountry "POL"]
[BlackTeamCountry "POL"]

1. e4 e5 2. Nf3 Nc6 3. d4 exd4 4. Nxd4 Bc5 5. Nxc6 bxc6 6. Bd3 d6 7. 0-0 h6 8. Nd2 Nf6 9. Nb3 Bb6 10. Bf4 0-0 11. Qd2 Nd7 12. Rae1 Ne5 13. Bg3 a5 14. Kh1 a4 15. Nc1 Nxd3 16. cxd3 Ba5 17. Qc2 Bxe1 18. Rxe1 c5 19. Ne2 Be6 20. Nc3 Qd7 21. f4 f5 22. Qd2 Rfe8 23. Bf2 Qf7 24. a3 Reb8 25. d4 cxd4 26. Bxd4 c5 27. Bf2 Rb6 28. h3 Qb7 1/2-1/2

[Event "POL-chT Academic"]
[Site "Katowice"]
[Date "2018.02.03"]
[Round "2.18"]
[White "Skiba, Marta"]
[Black "Smolenska, Olga"]
[Result "1/2-1/2"]
[WhiteElo "1705"]
[BlackElo "1895"]
[PlyCount "58"]
[EventDate "2018.02.03"]
[EventType "team-swiss (rapid)"]
[EventRounds "9"]
[EventCountry "POL"]
[SourceTitle "CBM 182 Extra"]
[Source "ChessBase"]
[SourceDate "2018.02.23"]
[SourceVersion "1"]
[SourceVersionDate "2018.02.23"]
[SourceQuality "1"]
[WhiteTeam "Wroclaw PWr"]
[BlackTeam "Torun UMK"]
[WhiteTeamCountry "POL"]
[BlackTeamCountry "POL"]

1. e4 d5 2. exd5 Nf6 3. d4 Nxd5 4. c4 Nb6 5. Nf3 Bg4 6. Be2 c6 7. Nbd2 e6 8. a3 Be7 9. h3 Bh5 10. 0-0 0-0 11. b3 N8d7 12. Bb2 c5 13. Ne4 cxd4 14. Nxd4 Bxe2 15. Qxe2 e5 16. Nf5 f6 17. Qg4 g6 18. Nxe7+ Qxe7 19. Qe2 Nc5 20. Nxc5 Qxc5 21. Bc1 Rad8 22. Bh6 Rf7 23. Rfd1 Rfd7 24. Qf3 Qe7 25. Rxd7 Rxd7 26. Rd1 Rxd1+ 27. Qxd1 Qd7 28. Qf3 f5 29. Be3 Nc8 1/2-1/2

[Event "POL-ch U26 (Women) rapid"]
[Site "Hucisko"]
[Date "2016.01.16"]
[Round "9"]
[White "Warakomska, Anna"]
[Black "Skiba, Marta"]
[Result "1-0"]
[WhiteElo "2295"]
[BlackElo "1705"]
[PlyCount "63"]
[EventDate "2016.01.15"]
[EventType "swiss (rapid)"]
[EventRounds "9"]
[EventCountry "POL"]
[SourceTitle "CBM 170 Extra"]
[Source "ChessBase"]
[SourceDate "2016.02.25"]
[SourceVersion "1"]
[SourceVersionDate "2016.02.25"]
[SourceQuality "1"]

1. e4 e5 2. Nf3 Nc6 3. Bb5 a6 4. Ba4 Nf6 5. 0-0 d6 6. Bxc6+ bxc6 7. d4 exd4 8. Nxd4 Bd7 9. Nc3 Be7 10. Re1 0-0 11. Qf3 Re8 12. e5 dxe5 13. Nxc6 Bxc6 14. Qxc6 Qd6 15. Qf3 h6 16. b3 Qc5 17. Bb2 Bd6 18. Re2 Nd7 19. Ne4 Qd5 20. Rd2 Qe6 21. Rad1 Nf6 22. Nxd6 cxd6 23. Rxd6 Qc8 24. c4 Qc5 25. h3 a5 26. Qc6 Qb4 27. R6d3 a4 28. a3 Qb8 29. b4 Rc8 30. Qb5 Qxb5 31. cxb5 Rc2 32. Bxe5 1-0

[Event "Rewal op-B 16th"]
[Site "Rewal"]
[Date "2011.08.27"]
[Round "8"]
[White "Klimek, Marcin"]
[Black "Skiba, Marta"]
[Result "1-0"]
[WhiteElo "1827"]
[BlackElo "1715"]
[PlyCount "77"]
[EventDate "2011.08.18"]
[EventType "swiss"]
[EventRounds "9"]
[EventCountry "POL"]
[SourceTitle "CBM 144 Extra"]
[Source "ChessBase"]
[SourceDate "2011.10.28"]
[SourceVersion "1"]
[SourceVersionDate "2011.10.28"]
[SourceQuality "1"]

1. e4 e5 2. Nc3 Nc6 3. f4 d6 4. Nf3 Nf6 5. Bb5 Nd7 6. Bxc6 bxc6 7. fxe5 dxe5 8. 0-0 Bc5+ 9. Kh1 0-0 10. d3 h6 11. Qe1 Qe7 12. Nh4 Nf6 13. Nf5 Bxf5 14. Rxf5 Ng4 15. Qg3 Nf2+ 16. Rxf2 Bxf2 17. Qxf2 Qe6 18. Be3 f5 19. exf5 Rxf5 20. Qe2 Rb8 21. b3 a5 22. Ne4 Rbf8 23. Re1 Qf7 24. Ng3 Rf6 25. Bc5 Re8 26. a4 Qd5 27. Be3 Ref8 28. Qg4 Qf7 29. Bc5 Re8 30. Qc4 Rfe6 31. Qc3 h5 32. Ne4 Qf4 33. Qxa5 h4 34. Qd2 Qg4 35. Qe2 Qf5 36. Rf1 Qg6 37. a5 Qh6 38. a6 h3 39. g3 1-0

[Event "Rewal op-B 16th"]
[Site "Rewal"]
[Date "2011.08.25"]
[Round "6"]
[White "Bregoszewski, Leon"]
[Black "Skiba, Marta"]
[Result "1/2-1/2"]
[WhiteElo "1821"]
[BlackElo "1715"]
[PlyCount "97"]
[EventDate "2011.08.18"]
[EventType "swiss"]
[EventRounds "9"]
[EventCountry "POL"]
[SourceTitle "CBM 144 Extra"]
[Source "ChessBase"]
[SourceDate "2011.10.28"]
[SourceVersion "1"]
[SourceVersionDate "2011.10.28"]
[SourceQuality "1"]

1. d4 Nf6 2. f4 e6 3. Nf3 c5 4. e3 d5 5. c3 g6 6. Bd3 Bg7 7. Nbd2 Nbd7 8. 0-0 0-0 9. Ne5 Qc7 10. Qe2 b6 11. Ndf3 Ne4 12. Bxe4 dxe4 13. Ng5 Bb7 14. Qc2 Nf6 15. Nh3 Rad8 16. Qe2 Nd5 17. Bd2 f6 18. Ng4 Qc8 19. Rfd1 Ba6 20. Qe1 e5 21. Ngf2 exd4 22. cxd4 cxd4 23. Nxe4 dxe3 24. Bb4 Nxb4 25. Qxb4 Rxd1+ 26. Rxd1 e2 27. Re1 Rd8 28. Nhf2 f5 29. Ng3 Qe6 30. a4 Rd4 31. Qa3 Rxf4 32. Nh3 Bd4+ 33. Kh1 Rf1+ 34. Rxf1 exf1R+ 35. Nxf1 Bxf1 36. Qf3 Ba6 37. Qa8+ Qc8 38. Qd5+ Kf8 39. Qxd4 Qc1+ 40. Ng1 Qc4 41. Qh8+ Qg8 42. Qf6+ Qf7 43. Qd6+ Qe7 44. Qd4 Kf7 45. h3 Bb7 46. Qh8 Ke6 47. Qc3 Qc5 48. Qg7 Qe7 49. Qc3 1/2-1/2

[Event "Rewal op-B 16th"]
[Site "Rewal"]
[Date "2011.08.23"]
[Round "4"]
[White "Cyboran, Katarzyna"]
[Black "Skiba, Marta"]
[Result "1-0"]
[WhiteElo "1869"]
[BlackElo "1715"]
[PlyCount "45"]
[EventDate "2011.08.18"]
[EventType "swiss"]
[EventRounds "9"]
[EventCountry "POL"]
[SourceTitle "CBM 144 Extra"]
[Source "ChessBase"]
[SourceDate "2011.10.28"]
[SourceVersion "1"]
[SourceVersionDate "2011.10.28"]
[SourceQuality "1"]

1. e4 e5 2. d4 exd4 3. Qxd4 Nc6 4. Qe3 Nf6 5. Nc3 Bb4 6. Bd2 0-0 7. 0-0-0 Re8 8. Qg3 Bf8 9. Bg5 Be7 10. h4 d6 11. Nh3 Nd7 12. Be2 Nc5 13. Nf4 Ne6 14. Nfd5 Bxg5+ 15. hxg5 Nxg5 16. f4 Ne6 17. f5 Ng5 18. f6 gxf6 19. Rh6 Re6 20. Rdh1 Kf8 21. Rxh7 Ne7 22. Rh8+ Ng8 23. Qh4 1-0

[Event "Rewal op-B 16th"]
[Site "Rewal"]
[Date "2011.08.22"]
[Round "3"]
[White "Skiba, Marta"]
[Black "Dobrzanska, Magdalena"]
[Result "1-0"]
[WhiteElo "1715"]
[BlackElo "1417"]
[PlyCount "95"]
[EventDate "2011.08.18"]
[EventType "swiss"]
[EventRounds "9"]
[EventCountry "POL"]
[SourceTitle "CBM 144 Extra"]
[Source "ChessBase"]
[SourceDate "2011.10.28"]
[SourceVersion "1"]
[SourceVersionDate "2011.10.28"]
[SourceQuality "1"]

1. e4 d5 2. exd5 Qxd5 3. Nc3 Qd6 4. d4 Nf6 5. h3 Bf5 6. Nf3 Nbd7 7. Bc4 c6 8. 0-0 e6 9. Be3 0-0-0 10. Ne2 Be7 11. c3 Nb6 12. Bf4 Qd7 13. Ne5 Qe8 14. Qb3 Nxc4 15. Qxc4 Nd5 16. Bh2 f6 17. Nf3 Bd6 18. b4 g5 19. Bxd6 Rxd6 20. Qc5 Qf8 21. Qxa7 Bd3 22. Rfe1 Bxe2 23. Rxe2 Nxc3 24. Rc2 Nb5 25. Qb6 Rd5 26. a4 Nd6 27. b5 Qd8 28. Qa7 Qc7 29. bxc6 bxc6 30. Qa8+ Qb8 31. Qxc6+ Kd8 32. Re1 Re8 33. Rxe6 Rxe6 34. Qxd5 Qb1+ 35. Kh2 Qxc2 36. Qxe6 Ne4 37. Qg8+ Ke7 38. Qxh7+ Ke6 39. d5+ Kxd5 40. Qf7+ Kd6 41. Qf8+ Kd7 42. Qf7+ Kd6 43. Nd4 Qd3 44. Qe6+ Kc5 45. Nb3+ Kb4 46. f3 Nc3 47. Qb6+ Kxa4 48. Nc5+ 1-0

[Event "Rewal op-B 16th"]
[Site "Rewal"]
[Date "2011.08.21"]
[Round "2"]
[White "Lapa, Aleksandra"]
[Black "Skiba, Marta"]
[Result "1/2-1/2"]
[WhiteElo "1458"]
[BlackElo "1715"]
[PlyCount "87"]
[EventDate "2011.08.18"]
[EventType "swiss"]
[EventRounds "9"]
[EventCountry "POL"]
[SourceTitle "CBM 144 Extra"]
[Source "ChessBase"]
[SourceDate "2011.10.28"]
[SourceVersion "1"]
[SourceVersionDate "2011.10.28"]
[SourceQuality "1"]

1. c4 e5 2. Nc3 Nc6 3. g3 g6 4. Bg2 Bg7 5. e3 Nge7 6. Nge2 0-0 7. 0-0 d6 8. d4 exd4 9. Nxd4 Ne5 10. b3 Bg4 11. Qc2 Qc8 12. f4 N5c6 13. Nxc6 Nxc6 14. Re1 Bh3 15. Bh1 Re8 16. Bb2 Nd4 17. Qd2 Nf5 18. Nd5 Re6 19. e4 Nh6 20. Bxg7 Kxg7 21. Qc3+ f6 22. e5 dxe5 23. fxe5 fxe5 24. Rxe5 Kf7 25. Nf4 Rxe5 26. Qxe5 c6 27. Nxh3 Qxh3 28. Qc7+ Kg8 29. Qxb7 Rf8 30. Bg2 Qf5 31. Qxa7 Qe5 32. Rf1 Rxf1+ 33. Bxf1 c5 34. Qa8+ Kg7 35. Qd5 Qe3+ 36. Kg2 Nf5 37. Qd3 Qe5 38. Kf2 Qb2+ 39. Qe2 Qd4+ 40. Kg2 Ne3+ 41. Kh1 Qe4+ 42. Kg1 Qd4 43. Kh1 Qe4+ 44. Kg1 1/2-1/2

[Event "Rewal op-B 16th"]
[Site "Rewal"]
[Date "2011.08.19"]
[Round "1"]
[White "Skiba, Marta"]
[Black "Aleksandrowicz, Marek"]
[Result "0-1"]
[WhiteElo "1715"]
[BlackElo "1959"]
[PlyCount "54"]
[EventDate "2011.08.18"]
[EventType "swiss"]
[EventRounds "9"]
[EventCountry "POL"]
[SourceTitle "CBM 144 Extra"]
[Source "ChessBase"]
[SourceDate "2011.10.28"]
[SourceVersion "1"]
[SourceVersionDate "2011.10.28"]
[SourceQuality "1"]

1. e4 c6 2. Ne2 d5 3. e5 c5 4. d3 Nc6 5. f4 Bg4 6. h3 Bd7 7. Nbc3 e6 8. g3 Nge7 9. Bg2 Nf5 10. 0-0 Be7 11. Kh2 0-0 12. Ng1 f6 13. Nf3 fxe5 14. fxe5 Nfd4 15. Re1 Rf5 16. Nxd4 cxd4 17. Ne2 Rxe5 18. Nf4 Bd6 19. Bd2 Qe7 20. c3 Rf8 21. Qc2 g5 22. Ne2 dxc3 23. bxc3 Ref5 24. Be3 Ne5 25. Nd4 R5f7 26. Re2 Ng6 27. Rae1 Bxg3+ 0-1

[Event "Wroclaw Anderssen Memorial (Women) 20th"]
[Site "Wroclaw"]
[Date "2011.07.12"]
[Round "1.2"]
[White "Skiba, Marta"]
[Black "Dworakowska, Joanna"]
[Result "0-1"]
[WhiteElo "1715"]
[BlackElo "2306"]
[PlyCount "54"]
[EventDate "2011.07.12"]
[EventType "k.o. (rapid)"]
[EventRounds "3"]
[EventCountry "POL"]
[SourceTitle "CBM 143 Extra"]
[Source "ChessBase"]
[SourceDate "2011.08.29"]
[SourceVersion "1"]
[SourceVersionDate "2011.08.29"]
[SourceQuality "1"]

1. e4 c5 2. Nf3 d6 3. d4 cxd4 4. Nxd4 Nf6 5. Nc3 a6 6. Bg5 Nbd7 7. f4 Qb6 8. Qd3 Qxb2 9. Rb1 Qa3 10. Bxf6 gxf6 11. Be2 h5 12. 0-0 e6 13. f5 Ne5 14. Qh3 Qc5 15. Rbd1 Nc6 16. Na4 Qa7 17. fxe6 Nxd4 18. exf7+ Kxf7 19. Bxh5+ Ke7 20. g4 Be6 21. Nc3 Qc5 22. Nd5+ Kd8 23. Rxf6 Bg7 24. Rff1 Bxd5 25. exd5 Qxd5 26. Qh4+ Kd7 27. Rf7+ Qxf7 0-1

[Event "Wroclaw Anderssen Memorial (Women) 20th"]
[Site "Wroclaw"]
[Date "2011.07.12"]
[Round "3.1"]
[White "Skiba, Marta"]
[Black "Erenska Barlo, Hanna"]
[Result "0-1"]
[WhiteElo "1715"]
[BlackElo "2241"]
[PlyCount "64"]
[EventDate "2011.07.12"]
[EventType "k.o. (rapid)"]
[EventRounds "3"]
[EventCountry "POL"]
[SourceTitle "CBM 143 Extra"]
[Source "ChessBase"]
[SourceDate "2011.08.29"]
[SourceVersion "1"]
[SourceVersionDate "2011.08.29"]
[SourceQuality "1"]

1. e4 c5 2. Nf3 a6 3. c3 e6 4. d4 cxd4 5. cxd4 d5 6. Nc3 dxe4 7. Nxe4 Nc6 8. Be3 Bb4+ 9. Nc3 Nf6 10. a3 Be7 11. Be2 0-0 12. 0-0 Ng4 13. Bf4 Bd6 14. Bg5 Be7 15. Bf4 Nf6 16. Bd3 g6 17. Bh6 Re8 18. Bc2 b5 19. h3 Bb7 20. Re1 Rc8 21. Bb3 Na5 22. Ba2 Nc4 23. Rb1 Nxb2 24. Rxb2 Rxc3 25. Ne5 Bd5 26. Bb1 Qa8 27. f3 Bxa3 28. Rf2 Qb7 29. Qd2 Bb4 30. Qf4 Nh5 31. Qh4 Be7 32. Qg4 f5 0-1

[Event "Wroclaw Anderssen Memorial (Women) 20th"]
[Site "Wroclaw"]
[Date "2011.07.12"]
[Round "2.1"]
[White "Wisniowska, Klaudia"]
[Black "Skiba, Marta"]
[Result "1-0"]
[WhiteElo "2037"]
[BlackElo "1715"]
[PlyCount "97"]
[EventDate "2011.07.12"]
[EventType "k.o. (rapid)"]
[EventRounds "3"]
[EventCountry "POL"]
[SourceTitle "CBM 143 Extra"]
[Source "ChessBase"]
[SourceDate "2011.08.29"]
[SourceVersion "1"]
[SourceVersionDate "2011.08.29"]
[SourceQuality "1"]

1. g3 d5 2. Bg2 e5 3. d3 Nf6 4. Nf3 Nc6 5. b3 Bb4+ 6. c3 Bd6 7. Bb2 0-0 8. 0-0 Re8 9. c4 d4 10. Nbd2 Ne7 11. c5 Bxc5 12. Nxe5 Ned5 13. Ndf3 Ng4 14. Nc4 b5 15. Ncd2 Nc3 16. Bxc3 dxc3 17. Ne4 Qe7 18. Nxc3 Bb7 19. Rc1 Bb6 20. d4 a6 21. e3 Rad8 22. Qe2 Nf6 23. Rfe1 Ne4 24. Nxe4 Bxe4 25. Ne5 Bxg2 26. Kxg2 Rd6 27. Qg4 f6 28. Nc6 Qf7 29. Qf3 Ree6 30. Red1 Qd7 31. d5 Re8 32. e4 Qf7 33. a4 bxa4 34. bxa4 a5 35. Re1 Qg6 36. Rb1 Qg5 37. h4 Qd2 38. Re2 Qh6 39. Rb5 Rxc6 40. dxc6 Qg6 41. h5 Qf7 42. Qb3 Re6 43. Qd5 Qe7 44. Qd7 Kf8 45. Qxe7+ Kxe7 46. e5 Rxc6 47. exf6+ Kxf6 48. g4 Rc4 49. Rf5# 1-0

[Event "POL-ch U18 Girls"]
[Site "Murzasichle"]
[Date "2011.03.11"]
[Round "8"]
[White "Skiba, Marta"]
[Black "Krajewska, Aleksandra"]
[Result "0-1"]
[WhiteElo "1737"]
[BlackElo "1717"]
[PlyCount "100"]
[EventDate "2011.03.05"]
[EventType "swiss"]
[EventRounds "9"]
[EventCountry "POL"]
[SourceTitle "EXT 2012"]
[Source "ChessBase"]
[SourceDate "2011.11.24"]
[SourceVersion "1"]
[SourceVersionDate "2011.11.24"]
[SourceQuality "1"]

1. e4 c5 2. Nf3 e6 3. b3 a6 4. Bb2 b5 5. d3 Bb7 6. Nbd2 Nf6 7. g3 Be7 8. Bg2 0-0 9. 0-0 Nc6 10. Ne1 d5 11. f4 d4 12. Nef3 Ng4 13. Qe2 Ne3 14. Rfc1 Nxg2 15. Qxg2 Rc8 16. g4 f5 17. e5 Nb4 18. g5 Nd5 19. Qg3 Qe8 20. Kf2 Qh5 21. h3 Bd8 22. Rg1 g6 23. Nf1 Nb4 24. Ne1 Kh8 25. Bc1 c4 26. Bd2 Nd5 27. Nf3 cxd3 28. cxd3 Nc3 29. Qg2 Bxf3 30. Qxf3 Qh4+ 31. Qg3 Qxg3+ 32. Rxg3 Nd5 33. Ke2 Be7 34. Rf3 Rc2 35. Kd1 Rfc8 36. a3 Rb2 37. b4 Rcc2 38. a4 Nc3+ 39. Bxc3 dxc3 40. axb5 axb5 41. Ra8+ Kg7 42. Ra7 Kf8 43. Ra8+ Kf7 44. Ra7 Rg2 45. Ra1 Bxb4 46. Ne3 Rge2 47. Kc1 Ra2 48. Rxa2 Rxa2 49. Nc2 Ba5 50. d4 b4 0-1

[Event "POL-ch U18 Girls"]
[Site "Murzasichle"]
[Date "2011.03.09"]
[Round "6"]
[White "Skiba, Marta"]
[Black "Ostrowska, Dominika"]
[Result "0-1"]
[WhiteElo "1737"]
[BlackElo "1930"]
[PlyCount "84"]
[EventDate "2011.03.05"]
[EventType "swiss"]
[EventRounds "9"]
[EventCountry "POL"]
[SourceTitle "EXT 2012"]
[Source "ChessBase"]
[SourceDate "2011.11.24"]
[SourceVersion "1"]
[SourceVersionDate "2011.11.24"]
[SourceQuality "1"]

1. e4 c5 2. Nf3 d6 3. d4 cxd4 4. Qxd4 Nc6 5. Bb5 Bd7 6. Bxc6 Bxc6 7. Nc3 Nf6 8. Bg5 e6 9. 0-0-0 Be7 10. Rhe1 0-0 11. Bxf6 Bxf6 12. Qe3 Qa5 13. Nd4 Rac8 14. f4 b5 15. Nb3 Qc7 16. Rd2 b4 17. Ne2 a5 18. Kb1 a4 19. Nbd4 Qa5 20. g4 b3 21. c3 bxa2+ 22. Kxa2 Bb5 23. Nxb5 Qxb5 24. Qd3 Qb3+ 25. Kb1 a3 26. Qc2 Qb5 27. g5 axb2 28. Qxb2 Qa4 29. Qa2 Qxe4+ 30. Qc2 Qb7+ 31. Kc1 Be7 32. Rd3 Ra8 33. Kd2 Ra5 34. Rb1 Qa7 35. Nd4 Ra2 36. Rb2 Rxb2 37. Qxb2 Rb8 38. Qc1 Qa2+ 39. Nc2 e5 40. h4 exf4 41. Rf3 d5 42. Rxf4 Rb1 0-1

[Event "POL-ch U18 Girls"]
[Site "Murzasichle"]
[Date "2011.03.08"]
[Round "5"]
[White "Skiba, Marta"]
[Black "Lukiewicz, Kaja"]
[Result "1-0"]
[WhiteElo "1737"]
[BlackElo "1700"]
[PlyCount "61"]
[EventDate "2011.03.05"]
[EventType "swiss"]
[EventRounds "9"]
[EventCountry "POL"]
[SourceTitle "EXT 2012"]
[Source "ChessBase"]
[SourceDate "2011.11.24"]
[SourceVersion "1"]
[SourceVersionDate "2011.11.24"]
[SourceQuality "1"]

1. e4 c5 2. Nf3 e6 3. b3 b6 4. Bb2 Bb7 5. d3 d6 6. Nbd2 Nf6 7. e5 dxe5 8. Nxe5 Bd6 9. Ndc4 Bc7 10. Qd2 b5 11. Ne3 Nc6 12. N5g4 Nxg4 13. Nxg4 e5 14. 0-0-0 0-0 15. h4 a5 16. f4 f6 17. fxe5 Nxe5 18. Be2 a4 19. d4 cxd4 20. Qxd4 Qxd4 21. Rxd4 Bxg2 22. Rg1 Bf3 23. Nxe5 Bxe5 24. Rd7 Bf4+ 25. Kb1 Be4 26. Rgxg7+ Kh8 27. Bd3 Bxd3 28. cxd3 Rfe8 29. Rxh7+ Kg8 30. Rdg7+ Kf8 31. Ba3+ 1-0

[Event "POL-ch U18 Girls"]
[Site "Murzasichle"]
[Date "2011.03.05"]
[Round "1"]
[White "Dobrzanska, Magdalena"]
[Black "Skiba, Marta"]
[Result "0-1"]
[WhiteElo "1439"]
[BlackElo "1737"]
[PlyCount "62"]
[EventDate "2011.03.05"]
[EventType "swiss"]
[EventRounds "9"]
[EventCountry "POL"]
[SourceTitle "EXT 2012"]
[Source "ChessBase"]
[SourceDate "2011.11.24"]
[SourceVersion "1"]
[SourceVersionDate "2011.11.24"]
[SourceQuality "1"]

1. d4 Nf6 2. c4 c5 3. dxc5 Na6 4. Bg5 e6 5. Nc3 Bxc5 6. a3 Bxf2+ 7. Kxf2 Ng4+ 8. Ke1 Qxg5 9. Nf3 Qe7 10. Qd4 Nf6 11. Nb5 d5 12. cxd5 exd5 13. Rc1 b6 14. b4 0-0 15. h3 Be6 16. e3 Rac8 17. Nc3 Nc7 18. Bd3 Nce8 19. Kf2 Nd6 20. g4 Nfe4+ 21. Nxe4 dxe4 22. Bxe4 f5 23. Bd5 fxg4 24. hxg4 Rxc1 25. Rxc1 Qf7 26. Bxe6 Qxe6 27. Rc2 Ne4+ 28. Ke2 Qxg4 29. Rc7 Qxf3+ 30. Kd3 Nf2+ 31. Kd2 Qd1+ 0-1

[Event "Rewal op-B 15th"]
[Site "Rewal"]
[Date "2010.08.24"]
[Round "5"]
[White "Kuspak, Aleksander"]
[Black "Skiba, Marta"]
[Result "1-0"]
[WhiteElo "1842"]
[BlackElo "1686"]
[PlyCount "101"]
[EventDate "2010.08.18"]
[EventType "swiss"]
[EventRounds "9"]
[EventCountry "POL"]
[SourceTitle "EXT 2014"]
[Source "ChessBase"]
[SourceDate "2013.11.20"]
[SourceVersion "1"]
[SourceVersionDate "2013.11.20"]
[SourceQuality "1"]

1. e4 e5 2. Nf3 Nc6 3. Nc3 Nf6 4. a3 d5 5. Bb5 d4 6. Ne2 Bd6 7. d3 0-0 8. h3 Ne7 9. Bg5 Ng6 10. g4 c5 11. a4 a6 12. Bc4 Bd7 13. a5 Bb5 14. b3 Bc7 15. Bd2 Ne8 16. h4 Bxc4 17. bxc4 Nf4 18. Nxf4 exf4 19. Qc1 Nf6 20. Rg1 Nd7 21. h5 Re8 22. Kd1 Qf6 23. g5 Qd6 24. Rg4 Qe6 25. Rh4 f5 26. gxf6 Nxf6 27. Qa3 Ng4 28. Kc1 Bd8 29. Rh1 Qd6 30. Rf1 Ne5 31. Nxe5 Qxe5 32. Rb1 Rb8 33. f3 Bf6 34. Kb2 Qc7 35. Ka2 Be5 36. Rb6 Rf8 37. Rg1 Rf6 38. Rbb1 Qe7 39. Rg4 Bd6 40. Re1 Qe5 41. Reg1 Rf7 42. Rg5 Qe7 43. Rd5 Rc8 44. Rg4 Rc6 45. Qb2 Qd8 46. Qa3 Qe7 47. c3 b5 48. axb6 Rxb6 49. cxd4 cxd4 50. c5 Rc6 51. Rxd6 1-0

[Event "Rewal op-B 15th"]
[Site "Rewal"]
[Date "2010.08.21"]
[Round "3"]
[White "Kwasniewski, Pawel"]
[Black "Skiba, Marta"]
[Result "1/2-1/2"]
[WhiteElo "1470"]
[BlackElo "1686"]
[PlyCount "43"]
[EventDate "2010.08.18"]
[EventType "swiss"]
[EventRounds "9"]
[EventCountry "POL"]
[SourceTitle "EXT 2014"]
[Source "ChessBase"]
[SourceDate "2013.11.20"]
[SourceVersion "1"]
[SourceVersionDate "2013.11.20"]
[SourceQuality "1"]

1. d4 Nf6 2. Nf3 d6 3. Bg5 Nbd7 4. Nbd2 g6 5. e3 Bg7 6. Be2 0-0 7. 0-0 c5 8. c3 Re8 9. Qc2 cxd4 10. cxd4 Nf8 11. Rac1 Bd7 12. Qb3 b6 13. Rc3 h6 14. Bxf6 Bxf6 15. Rfc1 Ne6 16. Bb5 a6 17. Bxd7 Qxd7 18. Rc6 b5 19. Qc2 Nc5 20. Rb6 Na4 21. Rc6 Nc5 22. Rb6 1/2-1/2

[Event "POL-chT U19 2nd League"]
[Site "Chelm Lubelski"]
[Date "2010.07.08"]
[Round "4"]
[White "Murawa, Monika"]
[Black "Skiba, Marta"]
[Result "1/2-1/2"]
[WhiteElo "1545"]
[BlackElo "1691"]
[PlyCount "110"]
[EventDate "2010.07.06"]
[EventType "team-tourn"]
[EventRounds "11"]
[EventCountry "POL"]
[SourceTitle "EXT 2011"]
[Source "ChessBase"]
[SourceDate "2010.11.26"]
[SourceVersion "1"]
[SourceVersionDate "2010.11.26"]
[SourceQuality "1"]
[WhiteTeam "Rawicz Korona Rawbud U19"]
[BlackTeam "Wroclaw MUKS MDK Fabryczna U19"]
[WhiteTeamCountry "POL"]
[BlackTeamCountry "POL"]

1. e4 e5 2. Nf3 Nc6 3. Bc4 Nf6 4. d3 Be7 5. Nc3 0-0 6. 0-0 d6 7. h3 h6 8. Be3 Na5 9. Bb3 Nxb3 10. axb3 c5 11. Nh2 d5 12. exd5 Nxd5 13. Nxd5 Qxd5 14. Qf3 Qe6 15. Rfe1 Qd6 16. Bd2 Re8 17. Qg3 Bd8 18. Nf3 Bc7 19. Bc3 f6 20. Qg6 Qd7 21. d4 cxd4 22. Bxd4 Qf7 23. Qxf7+ Kxf7 24. Bxa7 b6 25. c4 Be6 26. c5 bxc5 27. Bxc5 Bxb3 28. Rec1 Red8 29. Be3 Rxa1 30. Rxa1 Rd1+ 31. Rxd1 Bxd1 32. Nd2 Be2 33. f3 Bd6 34. Kf2 Bb5 35. Ne4 Bc7 36. Bc5 Ke6 37. b4 f5 38. Nc3 Bc6 39. Ke3 e4 40. fxe4 fxe4 41. g4 h5 42. Nxe4 hxg4 43. hxg4 Bd7 44. Bd4 Kf7 45. Kf3 Bc6 46. Ke3 Bd7 47. Kf3 Bc6 48. Ke3 Bd7 49. Nf2 Kg6 50. Kf3 Bc6+ 51. Ne4 Bd6 52. Bc5 Be5 53. Ke3 Bd7 54. Kf3 Bc6 55. Bf8 Kf7 1/2-1/2

[Event "POL-chT (Women) 2nd"]
[Site "Wroclaw"]
[Date "2009.11.22"]
[Round "5"]
[White "Matras Clement, Agnieszka"]
[Black "Skiba, Marta"]
[Result "1-0"]
[WhiteElo "2219"]
[BlackElo "1729"]
[PlyCount "45"]
[EventDate "2009.11.20"]
[EventType "team-swiss"]
[EventRounds "5"]
[EventCountry "POL"]
[SourceTitle "CBM 133 Extra"]
[Source "ChessBase"]
[SourceDate "2010.01.05"]
[SourceVersion "1"]
[SourceVersionDate "2010.01.05"]
[SourceQuality "1"]
[WhiteTeam "Rybnik Preferow MKSz (W)"]
[BlackTeam "Bogatynia UKS SP3 (W)"]
[WhiteTeamCountry "POL"]
[BlackTeamCountry "POL"]

1. e4 e5 2. Nf3 Nc6 3. Nc3 Nf6 4. d4 exd4 5. Nxd4 Bb4 6. Nxc6 bxc6 7. Bd3 d5 8. exd5 cxd5 9. 0-0 0-0 10. Bg5 c6 11. Na4 Bd6 12. c4 h6 13. Bh4 Ba6 14. cxd5 Bxd3 15. Qxd3 cxd5 16. Rad1 Qc7 17. Bxf6 gxf6 18. g3 Rad8 19. Nc3 Be5 20. Nxd5 Qb7 21. Qe4 Rd7 22. Nxf6+ Bxf6 23. Qg4+ 1-0

[Event "POL-chT (Women) 2nd"]
[Site "Wroclaw"]
[Date "2009.11.21"]
[Round "3"]
[White "Krupa, Monika"]
[Black "Skiba, Marta"]
[Result "1-0"]
[WhiteElo "2229"]
[BlackElo "1729"]
[PlyCount "85"]
[EventDate "2009.11.20"]
[EventType "team-swiss"]
[EventRounds "5"]
[EventCountry "POL"]
[SourceTitle "CBM 133 Extra"]
[Source "ChessBase"]
[SourceDate "2010.01.05"]
[SourceVersion "1"]
[SourceVersionDate "2010.01.05"]
[SourceQuality "1"]
[WhiteTeam "Wroclaw KS Polonia (W)"]
[BlackTeam "Bogatynia UKS SP3 (W)"]
[WhiteTeamCountry "POL"]
[BlackTeamCountry "POL"]

1. e4 e5 2. Nf3 Nc6 3. Bc4 Nf6 4. Ng5 d5 5. exd5 Na5 6. Bb5+ c6 7. dxc6 bxc6 8. Be2 h6 9. Nh3 Bc5 10. d3 0-0 11. Nc3 Nd5 12. Ne4 Bb6 13. c4 f5 14. Ng3 f4 15. Ne4 Bxh3 16. gxh3 Nf6 17. Bf3 Qd4 18. 0-0 Rad8 19. Nxf6+ Rxf6 20. Be4 Qd7 21. Qf3 Nb7 22. b4 Bd4 23. Rb1 Rb8 24. a4 Nd8 25. Bd2 a6 26. Kh1 Nf7 27. h4 Rb6 28. c5 Rb8 29. Rfc1 Nd8 30. b5 axb5 31. axb5 Rc8 32. b6 Nb7 33. Bb4 Qe6 34. Rc2 Ra8 35. Qg2 Ra1 36. Rxa1 Bxa1 37. Rc1 Bb2 38. Rg1 Qd7 39. f3 Bd4 40. Qa2+ Rf7 41. Rg6 Nd8 42. Rd6 Qe7 43. Bg6 1-0